000
00283nam a2200133Ia 4500
100
_a
Semat/Henry
942
_c
BK
654
_a
Atomic
245
_a
Intrd. To Atomic Physics
260
_b
Rinchart & co
_a
Newyork
_c
1952
082
_a
539.7
_b
SEM
300
_a
412
546
_a
ENGLISH
999
_c
29672
_d
29672